The principal as professional learning community leader.

Bibliographic Details
Corporate Author: Ontario Principals' Council
Format: Book
Language:English
Published: Thousand Oaks, Calif. : [Toronto] : Corwin Press ; Ontario Principals' Council, [2009]
Series:Leading student achievement.
Subjects:

MARC

Tag First Indicator Second Indicator Subfields
LEADER 00000cam a22000004a 4500
001 in00002459921
005 20151110064238.0
008 080812s2009 caua b 001 0 eng
010 |a  2008035245 
015 |a GBA8C8747  |2 bnb 
016 7 |a 014799878  |2 Uk 
020 |a 9781412963138 (cloth) 
020 |a 1412963133 (cloth) 
020 |a 9781412963145 (pbk.) 
020 |a 1412963141 (pbk.) 
035 |a (OCoLC)ocn233937327 
035 |a (OCoLC)233937327 
040 |a DLC  |c DLC  |d BTCTA  |d BAKER  |d YDXCP  |d UKM  |d C#P  |d BWX  |d CDX  |d UtOrBLW 
049 |a TXAM 
050 0 0 |a LB2831.9  |b .P748 2009 
082 0 0 |a 371.2/012  |2 22 
245 0 4 |a The principal as professional learning community leader. 
264 1 |a Thousand Oaks, Calif. :  |b Corwin Press ;  |a [Toronto] :  |b Ontario Principals' Council,  |c [2009] 
264 4 |c ©2009 
300 |a x, 128 pages :  |b illustrations ;  |c 23 cm. 
336 |a text  |b txt  |2 rdacontent 
337 |a unmediated  |b n  |2 rdamedia 
338 |a volume  |b nc  |2 rdacarrier 
490 1 |a Leading student achievement series 
504 |a Includes bibliographical references (pages 121-123) and index. 
505 0 |a Building professional learning communities -- The role of principals in leading professional learning communities -- Planning for professional learning communities -- Introducing staff to professional learning communities: foundations -- Supporting learning teams: the pillars -- Continuous learning and continuous improvement : the roof. 
650 0 |a School principals  |x Professional relationships. 
650 0 |a Educational leadership. 
710 2 |a Ontario Principals' Council. 
830 0 |a Leading student achievement. 
938 |a Baker and Taylor  |b BTCP  |n BK0007864819 
938 |a Baker & Taylor  |b BKTY  |c 52.95  |d 52.95  |i 1412963133  |n 0007864803  |s active 
938 |a Baker & Taylor  |b BKTY  |c 23.95  |d 23.95  |i 1412963141  |n 0007864819  |s active 
938 |a Blackwell Book Service  |b BBUS  |n R4760523  |c $52.95 
938 |a Coutts Information Services  |b COUT  |n 8683272  |c 12.99 GBP 
938 |a YBP Library Services  |b YANK  |n 2884856 
945 |a PromptCat  |b 624421 
946 |a stk 
947 |a A14837455411 
994 |a 92  |b TXA 
948 |a cataloged  |b h  |d 2009/2/19  |h c  |e asalazar  |f 12:36:24 pm 
999 |a MARS 
999 f f |s 7c46ae38-0be4-3804-a4d0-5830ac4d193b  |i 620400de-843e-38d6-ac4a-6c25329e7855  |t 0 
952 f f |p normal  |a Texas A&M University  |b College Station  |c Sterling C. Evans Library  |d Evans: Library Stacks  |t 0  |e LB2831.9 .P748 2009  |h Library of Congress classification  |i unmediated -- volume  |m A14837455411 
998 f f |a LB2831.9 .P748 2009  |t 0  |l Evans: Library Stacks